000 00808nam a2200205 i 4500
001 63052
003 ES-MaACL
005 20260301183329.0
007 t|
008 031128s1956 sp |||| | spa d
100 1 _aFernández Pousa, Ramón
_950010
245 1 0 _aMenéndez y Pelayo y el códice florentino de las Cantigas de Santa María de Alfonso X el Sabio /
_cpor Ramón Fernández Pousa.
260 _a[Madrid :
_bs.n.,
_c1956]
300 _a11 h. ;
_c24 cm.
595 _aSeparata de: Revista de archivos, bibliotecas y museos, t. 62, n. 1, 1956.
600 1 4 _aMenéndez y Pelayo, Marcelino,
_d1856-1912-
_xCrítica e interpretación
_980334
600 0 7 _aAlfonso
_bX,
_cRey de Castilla.
_tCantigas de Santa María
_2
_9153717
852 _aES-MaACL
_j1985-F-23
999 _c63052
_d63052